| 000 | 00852nam a22002057a 4500 | ||
|---|---|---|---|
| 999 |
_c2535 _d2535 |
||
| 003 | AR-CdUCM | ||
| 008 | 190304b ||||| |||| 00| 0 spa d | ||
| 040 |
_aMUNICIPALIDAD PROVINCIAL DEL CUSCO _cBIBLIOTECA MUNICIPAL DEL CUSCO |
||
| 082 |
_a373.391 / _bH632 |
||
| 100 |
_aHidalgo Cabrera, Milciades. _98984 |
||
| 245 |
_aTécnica de las tres imágenes en la enseñanza aprendizaje de la geografía : _bun caso de investigación / |
||
| 260 |
_aLima : _b Retama, _c1990. |
||
| 300 |
_a200 paginas ; _bIlustraciones, _c21 cm. |
||
| 505 | _aEl proceso de investigación y su metodología -- Marco teórico de la matriz temática con tres imágenes -- La matriz temática con tres imágenes... | ||
| 650 |
_aLa geografia _98985 |
||
| 650 |
_aMapas conceptuales _98986 |
||
| 650 |
_aMatriz de consistencia _98987 |
||
| 942 |
_2ddc _cLIBROS |
||
| 945 | _awnts | ||